000 00400nam a2200181Ia 4500
001 4998
005 20260306145836.0
008 260306t2009||||xx |||||||||||||| ||spa||
041 _aESP
082 _a332.6
_bG49
100 _aGitman, Lawrence J.
_eAUT
245 0 _aFundamentos de inversiones
260 _c2009
300 _a
_c
650 _aGEN
654 _aCAN
942 _cLIB
_dJUS
_fJUS
_2ddc
_n
999 _c4998
_d4998